000 00625nam a22002297a 4500
003 UA-OsUOA
001 39379
007 ta
008 20080406b un ||||| |||| 00| 0 ukr d
100 _aВойценко О.
090 _a82-94
942 _cBK
040 _aUA-OsUOA
_bukr
_cUA-OsUOA
_dUA-OsUOA
245 _aІнший світ - інші дні. З подорожнього нотатника - 1958
300 _a212 с.
955 _a1
041 _aukr
080 _a82-94
260 _aВінніпег;
_c1959
650 7 _a82 Література. Літературознавство
_2UDC
999 _c437893
_d437893